00338pab a2200133 454500008004000000100001400040245005800054260000900112300001200121362000800133650002200141700002300163773001800186180718b2001 xxu||||| |||| 00| 0 eng d aYasin, M. aProtest movements: in search of theoretical framework c2001 ap.17-19 aSep aProtest movements aDasgupta, Srinanda aThird Concept